A short history of England / (Record no. 51264)
[ view plain ]
| 000 -LEADER | |
|---|---|
| campo de control de longitud fija | 00552nam a2200181 i 4500 |
| 001 - NÚMERO DE CONTROL | |
| campo de control | 51264 |
| 003 - IDENTIFICADOR DE NÚMERO DE CONTROL | |
| campo de control | ES-MaACL |
| 005 - FECHA Y HORA DE LA ÚLTIMA TRANSACCIÓN | |
| campo de control | 20240524062948.0 |
| 007 - CAMPO FIJO DE DESCRIPCIÓN FÍSICA--INFORMACIÓN GENERAL | |
| campo de control de longitud fija | t| |
| 008 - DATOS DE LONGITUD FIJA--INFORMACIÓN GENERAL | |
| campo de control de longitud fija | 030812s1917 xxk |||| | eng d |
| 100 0# - ENTRADA PRINCIPAL--NOMBRE DE PERSONA | |
| Nombre de persona | Chesterton, G. K., |
| Fechas asociadas al nombre | 1874-1936 |
| 9 (RLIN) | 38399 |
| 245 12 - MENCIÓN DEL TÍTULO | |
| Título | A short history of England / |
| Mención de responsabilidad, etc. | by G.K. Chesterton. |
| 260 ## - PUBLICACIÓN, DISTRIBUCIÓN, ETC. | |
| Lugar de publicación, distribución, etc. | London : |
| Nombre del editor, distribuidor, etc. | Chatto and Windus, |
| Fecha de publicación, distribución, etc. | 1917 ( |
| Fabricante | William Clowes and Sons) |
| 300 ## - DESCRIPCIÓN FÍSICA | |
| Extensión | 242 p. ; |
| Dimensiones | 20 cm. |
| 651 #4 - PUNTO DE ACCESO ADICIONAL DE MATERIA--NOMBRE GEOGRÁFICO | |
| Nombre geográfico | Gran Bretaña- |
| Subdivisión general | Historia. |
| 9 (RLIN) | 8752 |
| 852 ## - LOCALIZACIÓN | |
| Ubicación | ES-MaACL |
| Número de control de estantería | C-992 |
| Estatus retirado | Estado de pérdida | Estado de daño | No para préstamo | Biblioteca de origen | Biblioteca actual | Ubicación en estantería | Fecha de adquisición | Fuente de adquisición | Total de préstamos | Signatura topográfica completa | Código de barras | Visto por última vez | Precio de reemplazo | Tipo de ítem Koha |
|---|---|---|---|---|---|---|---|---|---|---|---|---|---|---|
| Biblioteca del Ateneo de Madrid | Biblioteca del Ateneo de Madrid | Sala Palomar | 17/01/2008 | C-992 | 1053917 | 23/02/2023 | 23/02/2023 | Libro impreso |
